|
|
|
|
| LEADER |
02482nam a2200349 a 4500 |
| 001 |
abn94349530 |
| 008 |
021106s1993 enka 001 0 eng d |
| 020 |
|
|
|a 0748715843
|
| 040 |
|
|
|a CLONE
|c VIT:M
|
| 082 |
0 |
0 |
|a 530
|2 20
|
| 100 |
1 |
|
|a Muncaster, Roger.
|
| 245 |
1 |
0 |
|a A-level physics /
|c Roger Muncaster
|
| 250 |
|
|
|a 4th. ed.
|
| 260 |
|
|
|a Cheltenham,Gloucestershire :
|b Stanley Thornes,
|c 1993
|
| 300 |
|
|
|a vi,953 p.
|b ill. ;
|c 28 cm.
|
| 500 |
|
|
|a Previously published : 1989
|
| 504 |
|
|
|a Includes index
|
| 541 |
1 |
|
|e 00016065
|
| 650 |
|
0 |
|a Physics
|
| 852 |
4 |
|
|a Ayesha Abed Library
|j General shelf
|
| 942 |
0 |
0 |
|0 7
|
| 999 |
|
|
|c 7311
|d 7311
|
| 952 |
|
|
|0 0
|1 0
|2 ddc
|4 0
|6 530_MUN_199300000000000
|7 0
|9 7734
|a BRACUL
|b BRACUL
|c GEN
|d 2010-02-03
|l 26
|m 115
|o 530 MUN
|p 3010016065
|r 2022-06-19
|s 2022-06-12
|t 1
|w 2010-02-03
|y BK
|
| 952 |
|
|
|0 0
|1 0
|2 ddc
|4 0
|6 530_MUN_199300000000000
|7 0
|9 17531
|a BRACUL
|b BRACUL
|c GEN
|d 2011-07-19
|l 23
|m 176
|o 530 MUN
|p 3010016062
|r 2022-05-10
|s 2022-04-28
|t 2
|w 2011-07-19
|y BK
|
| 952 |
|
|
|0 0
|1 0
|2 ddc
|4 0
|6 530_MUN_199300000000000
|7 0
|9 17532
|a BRACUL
|b BRACUL
|c GEN
|d 2011-07-19
|l 26
|m 196
|o 530 MUN
|p 3010016061
|r 2024-10-27
|s 2024-10-27
|t 3
|w 2011-07-19
|y BK
|
| 952 |
|
|
|0 0
|1 0
|2 ddc
|4 0
|6 530_MUN_199300000000000
|7 0
|9 17533
|a BRACUL
|b BRACUL
|c GEN
|d 2011-07-19
|l 35
|m 179
|o 530 MUN
|p 3010016064
|r 2024-12-01
|s 2024-11-24
|t 4
|w 2011-07-19
|y BK
|
| 952 |
|
|
|0 0
|1 3
|2 ddc
|4 0
|6 530_000000000000000_MUN
|7 0
|9 17534
|a BRACUL
|b BRACUL
|c GEN
|d 2011-07-19
|g 300.00
|l 21
|m 119
|o 530 MUN
|p 3010016063
|r 2023-12-21
|s 2016-08-03
|t 5
|w 2011-07-19
|y BK
|x Lost and Cost paid by FATIMA FAIRUZ RAISA (16321033) on 21.12.2023, Money Receipt No.59042
|
| 952 |
|
|
|0 0
|1 0
|2 ddc
|4 0
|6 530_000000000000000_MUN_1993
|7 0
|9 20369
|a BRACUL
|b BRACUL
|c GEN
|d 2012-06-04
|g 5750.00
|l 34
|m 245
|o 530 MUN
|p 3010025327
|r 2025-10-30
|s 2025-02-18
|t 6
|w 2012-06-04
|y BK
|
| 952 |
|
|
|0 0
|1 2
|2 ddc
|4 0
|6 530_000000000000000_MUN
|7 0
|9 20385
|a BRACUL
|b BRACUL
|c GEN
|d 2012-06-04
|l 22
|m 123
|o 530 MUN
|p 3010025328
|q 2022-09-29
|r 2018-05-20
|s 2018-05-20
|t 7
|w 2012-06-04
|y BK
|
| 952 |
|
|
|0 0
|1 0
|2 ddc
|4 0
|6 530_MUN_199300000000000
|7 0
|9 20387
|a BRACUL
|b BRACUL
|c GEN
|d 2012-06-04
|l 17
|m 210
|o 530 MUN
|p 3010025329
|r 2025-02-08
|s 2024-10-22
|t 8
|w 2012-06-04
|y BK
|
| 952 |
|
|
|0 0
|1 0
|2 ddc
|4 0
|6 530_MUN_199300000000000
|7 0
|9 20388
|a BRACUL
|b BRACUL
|c GEN
|d 2012-06-04
|l 39
|m 175
|o 530 MUN
|p 3010025330
|q 2025-12-17
|r 2022-06-08
|s 2022-06-08
|t 9
|w 2012-06-04
|y BK
|
| 952 |
|
|
|0 0
|1 0
|2 ddc
|4 0
|6 530_MUN_199300000000000
|7 0
|9 20389
|a BRACUL
|b BRACUL
|c GEN
|d 2012-06-04
|l 11
|m 60
|o 530 MUN
|p 3010025331
|q 2017-12-24
|r 2015-06-20
|s 2015-06-20
|t 10
|w 2012-06-04
|y BK
|